Thiết kế và phân tích thí nghiệm (quy hoạch hoá thực nghiệm) /
Thiết kế thí nghiệm nhằm phân tích độ biến động: Thiết kế thí nghiệm cơ bản; thiết kế nhân tố và nhân tố bộ phận; Tiết kế thứ bậc. Thiết kế thí nghiệm nhằm thăm dò và khai thác mặt đáp: thiết kế nhân tố; thiết kế xấp xỉ bậc nhất, bậc hai, bậc hai quay được......
Guardado en:
| Autor principal: | |
|---|---|
| Otros Autores: | , , |
| Formato: | Libro |
| Lenguaje: | Vietnamese |
| Publicado: |
Hà Nội :
Nxb Tp.HCM,
1999.
|
| Materias: | |
| Etiquetas: |
Agregar Etiqueta
Sin Etiquetas, Sea el primero en etiquetar este registro!
|
| Thư viện lưu trữ: | Mạng thư viện Đại học Đà Nẵng |
|---|
| LEADER | 01387cam a2200373 i 4500 | ||
|---|---|---|---|
| 001 | 000049806 | ||
| 003 | 9869 | ||
| 005 | 20051111144742.0 | ||
| 008 | 010417b1999 vm 000 vie | ||
| 020 | |c 70000 | ||
| 022 | |a T | ||
| 040 | |a IRC |c IRC |d IRC | ||
| 041 | 0 | |a vie | |
| 082 | 1 | 4 | |a 519.5 |b TÔ-T |
| 100 | 1 | |a Tô Cẩm Tú. | |
| 245 | 0 | 0 | |a Thiết kế và phân tích thí nghiệm (quy hoạch hoá thực nghiệm) / |c Tô Cẩm Tú ( chủ biên), Trần Văn Diễn, Nguyễn Đình Hiền, Phạm Chí Thành. |
| 260 | |a Hà Nội : |b Nxb Tp.HCM, |c 1999. | ||
| 300 | |a 619tr. : |b ill. ; |c 24cm. | ||
| 520 | 3 | |a Thiết kế thí nghiệm nhằm phân tích độ biến động: Thiết kế thí nghiệm cơ bản; thiết kế nhân tố và nhân tố bộ phận; Tiết kế thứ bậc. Thiết kế thí nghiệm nhằm thăm dò và khai thác mặt đáp: thiết kế nhân tố; thiết kế xấp xỉ bậc nhất, bậc hai, bậc hai quay được... | |
| 630 | 0 | 4 | |a Toán học. |
| 650 | 0 | 4 | |a Toán học. |
| 700 | 1 | |a Trần Văn Diễn. | |
| 700 | 1 | |a Nguyễn Đình Hiền. | |
| 700 | 1 | |a Phạm Chí Thành. | |
| OWN | |a DUT | ||
| 999 | |a From the UDN01 | ||
| TYP | |a Monograph | ||
| TYP | |a Printed language | ||
| 980 | |a Mạng thư viện Đại học Đà Nẵng | ||